| 000 | 00329cam a2200133ua 4500 | ||
|---|---|---|---|
| 020 | _a8123911491 | ||
| 082 |
_a664.002 _bLIL/FO |
||
| 100 |
_aLillian, Hoagland Mayer . _9564 |
||
| 245 | _aFood Chemistry / | ||
| 250 | _a1 / | ||
| 260 |
_aNew Delhi : _bC B S Publishers & Distributers , _c2004 |
||
| 300 | _a385 ; . | ||
| 942 | _cBK | ||
| 999 |
_c9177 _d9177 |
||